El costo de los derechos : (Registro nro. 5905)

Detalles MARC
000 -Cabecera (24)
Campo de control interno 00765nam a22002534a 4500
001 - Número de control
Campo de control PE-BaUNAB
005 - Fecha y hora de la
Campo de control 20260316165451.0
006 - ELEMENTOS DE DATOS DE LONGITUD FIJA - CARACTERÍSTICAS ADICIONALES DEL MATERIAL - INFORMACIÓN GENERAL
Campo de control de longitud fija a||||gr|||| 001 0
007 - Tipo material - Descripcion fisica - info general
Tipo material ta
008 - Códigos de longitud fija (40p)
Campo de control de longitud fija t pe gr 00| 0 spa d
020 ## - INTERNATIONAL STANDARD BOOK NUMBER
ISBN 9789876291545
040 ## - Origen de la Catalogacion
Origen de la Catalogacion PE-BaUNAB
041 ## - Código de idioma
Código de lengua del texto/banda sonora o título independiente (R) spa
043 ## - Pais ISO
País ISO per
100 ## - Autor personal
Autor personal Holmes, Stephen
9 (RLIN) 13349
245 ## - Titulo
Titulo El costo de los derechos :
Subtítulo por qué la libertad depende de los impuestos /
Mención de responsabilidad Holmes, Stephen y Sunstein, Cass R.
250 ## - Mención de edición
Número de reimpresión 1a. ed. 3a. reimp
260 ## - Pie de imprenta
Ciudad Argentina :
Nombre de la editorial Siglo veintiuno,
Año 2022.
300 ## - Descripción física
Extensión 262 p.:
Dimensiones 21 cm.
650 ## - Temas - Descriptores
Temas - Descriptores DERECHOS FUNDAMENTALES
9 (RLIN) 13350
650 ## - Temas - Descriptores
Temas - Descriptores - NORMAS - IMPUESTOS
9 (RLIN) 13351
650 ## - Temas - Descriptores
Temas - Descriptores IGUALDAD - JUSTICIA
9 (RLIN) 13352
942 ## - Datos personalizados Koha
Fuente de clasificación Dewey Decimal Classification
Tipo de Documento Libros
Fecha procesamiento 2026-03-16
Catalogador IRQ
Existencias
Fuente de Clasificacion Colección Ubicacion permanente Ubicacion actual Fecha de adquisicion a la Biblioteca Prestamos Signatura Código de barras Ultima fecha de verificacion Tipo de ítem Ejemplar
Dewey Decimal Classification Contabilidad UNAB UNAB 03/16/2026   340 HOL 01L000007781 03/16/2026 Libros  
Dewey Decimal Classification Contabilidad UNAB UNAB 03/16/2026   340 HOL 01L000007782 03/16/2026 Libros Ej.2
Dewey Decimal Classification Contabilidad UNAB UNAB 03/16/2026   340 HOL 01L000007783 03/16/2026 Libros Ej.3

CIUDAD UNIVERSITARIA

Av. Toribio de Luzuriaga N° 379, Mz. J
Urbanización La Florida del Distrito y Provincia de Barranca
Numero (01) 735 - 6318

OFICINA ADMINISTRATIVA

Jr. Gálvez N° 557 - Barranca Numero: (01) 235 - 5815 Email: biblioteca@unab.edu.pe

Soporte técnico - Bibliolatino.com

Web Analytics Made Easy - Statcounter
Nos visitan